000 00601nam a2200217Ia 4500
003 OSt
005 20220926040830.0
006 a|||||r|||| 00| 0
007 ta
008 220923b |||||||| |||| 00| 0 eng d
037 _cGeneral Book
040 _aRTL
_cRTL
_beng
041 _2eng
_aeng
082 _ax:53c2, H6
100 _aINDIA COMMERCIAL INTELLIGENCE AND STATISTICS
_9272332
245 0 _aIndian customs tariff
260 _c1946
650 _aEariff
_9344182
942 _hx:53c2, H6
_cGB
_2CC
999 _c665762
_d665762